[Event "CAT-chT Honor Division 2019"]
[Site "Catalonia"]
[Date "2019.02.23"]
[Round "6.8"]
[White "Montilla Carrillo, Esteban"]
[Black "Domenech Plana, Jaume"]
[Result "1-0"]
[WhiteElo "2177"]
[BlackElo "2117"]
[Annotator "NA"]
[PlyCount "87"]
[EventDate "2019.01.16"]
[EventType "team-tourn"]
[EventCountry "ESP"]
[SourceTitle "playchess.com"]
[Source "ChessBase"]
[SourceQuality "1"]
[WhiteTeam "Mollet"]
[BlackTeam "Gerunda"]
[TimeControl "5400+30"]

1. d4 {[%emt 0:00:00]} d5 2. Nf3 {[%emt 0:00:00]} Nf6 3. c4 {[%emt 0:00:00]} c6 {[%emt 0:00:19]} 4. Nc3 {[%emt 0:00:18]} e6 5. e3 {[%emt 0:02:50]} Be7 {[%emt 0:02:23]} 6. Bd3 {[%emt 0:00:20]} dxc4 {[%emt 0:00:33]} 7. Bxc4 {[%emt 0:00:10]} O-O {[%emt 0:00:07]} 8. O-O {[%emt 0:07:10]} c5 {[%emt 0:04:48]} 9. Qe2 {[%emt 0:03:34]} a6 {[%emt 0:06:48]} 10. dxc5 {[%emt 0:16:42]} Bxc5 {[%emt 0:00:47]} 11. Rd1 {[%emt 0:00:05]} Qc7 {[%emt 0:00:15]} 12. a3 {[%emt 0:00:52]} b5 {[%emt 0:00:37]} 13. Ba2 {[%emt 0:01:47]} Bb7 {[%emt 0:02:09]} 14. b4 {[%emt 0:07:54]} Bd6 {[%emt 0:03:50]} 15. Bb2 {[%emt 0:00:47]} Nc6 {[%emt 0:04:50]} 16. Rac1 {[%emt 0:07:33]} Qe7 {[%emt 0:05:39]} 17. Bb1 {[%emt 0:05:36]} Ne5 {[%emt 0:03:33]} 18. Nxe5 {[%emt 0:05:28]} Bxe5 {[%emt 0:02:35]} 19. f4 {[%emt 0:18:29]} Bc7 {[%emt 0:06:22]} 20. Nxb5 {[%emt 0:09:14]} Bb6 {[%emt 0:06:46]} 21. Nd4 {[%emt 0:02:23]} Rac8 {[%emt 0:00:14]} 22. h3 {[%emt 0:00:35]} Rfd8 {[%emt 0:03:50]} 23. Kh2 {[%emt 0:00:20]} Rxc1 {[%emt 0:02:09]} 24. Rxc1 {[%emt 0:00:09]} Qd7 {[%emt 0:00:13]} 25. Nf3 {[%emt 0:03:17]} Ne4 {[%emt 0:04:07]} 26. Bd4 {[%emt 0:01:11]} Bxd4 {[%emt 0:01:11]} 27. Nxd4 {[%emt 0:00:21]} Rc8 {[%emt 0:03:48]} 28. Rxc8+ {[%emt 0:01:04]} Qxc8 {[%emt 0:00:06]} 29. Qc2 {[%emt 0:00:27]} Qxc2 {[%emt 0:00:10]} 30. Bxc2 {[%emt 0:00:09]} Nd2 {[%emt 0:01:34]} 31. Bd3 {[%emt 0:00:26]} Kf8 {[%emt 0:00:53]} 32. Kg1 {[%emt 0:00:18]} Ke7 {[%emt 0:00:43]} 33. Kf2 {[%emt 0:00:22]} Kd6 {[%emt 0:03:21]} 34. g3 {[%emt 0:01:13]} g6 {[%emt 0:00:34]} 35. Ke2 {[%emt 0:01:34]} Ne4 {[%emt 0:00:10]} 36. Bxe4 {[%emt 0:00:12]} Bxe4 {[%emt 0:00:06]} 37. Nb3 {[%emt 0:00:44]} Bd5 {[%emt 0:02:00]} 38. Nc5 {[%emt 0:00:27]} Kc6 {[%emt 0:00:16]} 39. e4 {[%emt 0:01:00]} Bc4+ {[%emt 0:00:12]} 40. Kd2 {[%emt 0:00:07]} a5 {[%emt 0:00:37]} 41. Kc3 {[%emt 0:00:04]} Bf1 {[%emt 0:00:12]} 42. h4 {[%emt 0:00:27]} axb4+ {[%emt 0:00:47]} 43. axb4 {[%emt 0:01:37]} Bb5 {[%emt 0:05:14]} 44. Kd4 {[%emt 0:01:47]} 1-0

[Event "CAT-chT Honor Division 2019"]
[Site "Catalonia"]
[Date "2019.02.23"]
[Round "6.9"]
[White "Aranda Flores, Jordi"]
[Black "Pinol Clapera, David"]
[Result "1-0"]
[WhiteElo "2158"]
[BlackElo "2135"]
[Annotator "NA"]
[PlyCount "137"]
[EventDate "2019.01.16"]
[EventType "team-tourn"]
[EventCountry "ESP"]
[SourceTitle "playchess.com"]
[Source "ChessBase"]
[SourceQuality "1"]
[WhiteTeam "CE Tres Peons"]
[BlackTeam "CE Olot"]
[TimeControl "5400+30"]

1. Nf3 Nf6 2. c4 g6 3. b3 Bg7 4. Bb2 O-O 5. g3 d6 6. d4 Nbd7 7. Bg2 c5 8. Nc3 Rb8 9. O-O a6 10. a4 e5 11. dxc5 e4 12. Ng5 e3 13. f4 Nxc5 14. b4 Ne6 15. Nf3 Qb6 16. Qb3 a5 17. Nd5 Nxd5 18. cxd5 Nc5 19. Qxe3 axb4 20. Bxg7 Kxg7 21. Qd4+ Kg8 22. Rfb1 b3 23. Nd2 Qa6 24. e4 Bd7 25. Bf1 Qa5 26. Nxb3 Nxb3 27. Rxb3 Rfc8 28. Qb4 Qc7 29. Qd2 Ra8 30. Qb4 b5 31. a5 Qa7+ 32. Kh1 Rc5 33. Qd2 Qc7 34. Bd3 Ra7 35. Rbb1 f5 36. exf5 gxf5 37. Rc1 b4 38. Be2 Raxa5 39. Rab1 Bc8 40. Qe3 Ra3 41. Qe8+ Kg7 42. Re1 Qf7 43. Qxf7+ Kxf7 44. Rxb4 Ra7 45. Bh5+ Kf6 46. Rd4 Ra2 47. Re2 Rxe2 48. Bxe2 Bb7 49. Bf3 h6 50. Rd2 Rb5 51. Kg2 Rb3 52. Re2 Kf7 53. Bh5+ Kg8 54. Re8+ Kg7 55. Re7+ Kf8 56. Rf7+ Kg8 57. Rxf5 Rb2+ 58. Kf3 Rxh2 59. Bf7+ Kg7 60. Be6 Ba6 61. Rf7+ Kg6 62. Rd7 Be2+ 63. Ke3 Bd1 64. Rxd6 Kg7 65. Rd7+ Kf8 66. Kd4 Rg2 67. Ke5 Ba4 68. Rf7+ Ke8 69. Rg7 1-0

[Event "CAT-chT Honor Division 2019"]
[Site "Catalonia"]
[Date "2019.02.23"]
[Round "6.9"]
[White "Mundet Riera, Jaume"]
[Black "Garcia Marin, Guillem"]
[Result "1-0"]
[WhiteElo "2090"]
[BlackElo "2067"]
[Annotator "NA"]
[PlyCount "87"]
[EventDate "2019.01.16"]
[EventType "team-tourn"]
[EventCountry "ESP"]
[SourceTitle "playchess.com"]
[Source "ChessBase"]
[SourceQuality "1"]
[WhiteTeam "Gerunda"]
[BlackTeam "Mollet"]
[TimeControl "5400+30"]

1. d4 {[%emt 0:00:24]} d6 2. e4 {[%emt 0:01:52]} Nf6 {[%emt 0:00:23]} 3. Nc3 c6 {[%emt 0:00:35]} 4. f3 {[%emt 0:04:20]} e5 {[%emt 0:03:33]} 5. Nge2 {[%emt 0:00:38]} Be7 {[%emt 0:01:53]} 6. Be3 {[%emt 0:01:40]} b5 {[%emt 0:10:23]} 7. Qd2 {[%emt 0:03:45]} a6 {[%emt 0:08:04]} 8. g4 {[%emt 0:08:49]} b4 {[%emt 0:27:19]} 9. Na4 {[%emt 0:11:08]} Nbd7 {[%emt 0:04:16]} 10. Ng3 {[%emt 0:11:30]} Qa5 {[%emt 0:10:07]} 11. b3 {[%emt 0:00:19]} exd4 {[%emt 0:01:07]} 12. Bxd4 {[%emt 0:01:23]} c5 {[%emt 0:01:25]} 13. Be3 {[%emt 0:02:10]} Ne5 {[%emt 0:01:49]} 14. Bg2 {[%emt 0:00:57]} Rb8 {[%emt 0:18:47]} 15. Nb2 {[%emt 0:07:26]} h6 {[%emt 0:02:11]} 16. O-O {[%emt 0:02:19]} O-O {[%emt 0:01:47]} 17. h3 {[%emt 0:05:41]} c4 {[%emt 0:02:07]} 18. Nxc4 {[%emt 0:04:33]} Nxc4 {[%emt 0:00:17]} 19. bxc4 {[%emt 0:00:05]} Qc7 {[%emt 0:00:34]} 20. Nf5 Bxf5 {[%emt 0:00:23]} 21. gxf5 {[%emt 0:11:50]} Qxc4 {[%emt 0:00:53]} 22. Kh1 {[%emt 0:03:06]} Kh7 {[%emt 0:00:33]} 23. Rg1 {[%emt 0:03:07]} Rfc8 {[%emt 0:00:33]} 24. Rac1 {[%emt 0:03:26]} Qc3 {[%emt 0:00:55]} 25. Qf2 {[%emt 0:00:29]} Nh5 {[%emt 0:01:05]} 26. Bf1 {[%emt 0:02:02]} Qc6 {[%emt 0:00:54]} 27. Bd3 {[%emt 0:00:24]} Bf6 {[%emt 0:00:26]} 28. Rg4 {[%emt 0:02:43]} Rg8 {[%emt 0:00:29]} 29. Rcg1 {[%emt 0:00:41]} Rbe8 {[%emt 0:00:18]} 30. Qe2 {[%emt 0:01:09]} Bc3 {[%emt 0:00:25]} 31. Bxa6 {[%emt 0:01:59]} Re7 {[%emt 0:00:42]} 32. Bd3 {[%emt 0:00:49]} Nf6 {[%emt 0:00:29]} 33. Rh4 {[%emt 0:01:21]} d5 {[%emt 0:00:14]} 34. Qg2 {[%emt 0:00:23]} dxe4 {[%emt 0:00:40]} 35. fxe4 {[%emt 0:00:10]} Qb7 {[%emt 0:01:10]} 36. Qg5 {[%emt 0:00:38]} Nh5 {[%emt 0:00:40]} 37. Qxh5 {[%emt 0:00:18]} Qc6 {[%emt 0:00:25]} 38. Qg4 {[%emt 0:00:22]} Rge8 {[%emt 0:00:11]} 39. Qg2 {[%emt 0:00:30]} Bf6 {[%emt 0:00:34]} 40. Rg4 {[%emt 0:00:45]} Qc3 {[%emt 0:00:10]} 41. e5 {[%emt 0:01:52]} Qxe5 {[%emt 0:00:28]} 42. Bd4 {[%emt 0:00:13]} Qxd4 {[%emt 0:00:32]} 43. Rxd4 {[%emt 0:00:08]} Bxd4 {[%emt 0:00:04]} 44. f6+ {[%emt 0:00:05]} 1-0

[Event "CAT-chT Honor Division 2019"]
[Site "Catalonia"]
[Date "2019.02.23"]
[Round "6.10"]
[White "Serrat Rifa, Ernest"]
[Black "Marques Taltavull, Antonio"]
[Result "1-0"]
[WhiteElo "2124"]
[BlackElo "2142"]
[Annotator "NA"]
[PlyCount "123"]
[EventDate "2019.01.16"]
[EventType "team-tourn"]
[EventCountry "ESP"]
[SourceTitle "playchess.com"]
[Source "ChessBase"]
[SourceQuality "1"]
[WhiteTeam "CE Olot"]
[BlackTeam "CE Tres Peons"]
[TimeControl "5400+30"]

1. e4 d6 2. d4 Nf6 3. Bd3 e5 4. Ne2 Be7 5. c4 exd4 6. Nxd4 Nc6 7. Nxc6 bxc6 8. Nc3 O-O 9. O-O Re8 10. b3 Nd7 11. f4 Bf6 12. Bb2 Nc5 13. Bc2 Ne6 14. Qd2 Rb8 15. Rae1 Ba6 16. Bb1 Bd4+ 17. Kh1 Qf6 18. Rf3 Qh6 19. Ref1 Be5 20. g3 Nc5 21. Qe2 Bxc3 22. Bxc3 d5 23. e5 dxc4 24. bxc4 Qe6 25. Qc2 Rxb1 26. Rxb1 Bxc4 27. Kg1 Qd5 28. Qf2 Ne4 29. Qd4 Qxd4+ 30. Bxd4 Nd2 31. Rc3 Nxb1 32. Rxc4 Nd2 33. Rc3 Ne4 34. Rxc6 Re7 35. Bxa7 f5 36. a4 Kf7 37. Bb8 Re8 38. Rxc7+ Kg6 39. Rb7 Rd8 40. Rb2 Rd4 41. a5 Ra4 42. Bc7 h5 43. Kg2 h4 44. Bd8 hxg3 45. hxg3 Ra3 46. e6 Rxg3+ 47. Kh2 Ra3 48. Rg2+ Kh7 49. e7 Nf6 50. Re2 Ne8 51. Re6 Kg8 52. Re5 g6 53. Kg2 Kf7 54. Kf2 Kf6 55. Rc5 Kf7 56. Rc6 Kg7 57. a6 Kf7 58. Ke2 Kg7 59. Bb6 Kf7 60. Bc5 Ra4 61. a7 Ng7 62. Rc8 1-0

[Event "CAT-chT Honor Division 2019"]
[Site "Catalonia"]
[Date "2019.02.23"]
[Round "6.10"]
[White "Fernandez Lozano, Francesc"]
[Black "Carrasco Holgado, David"]
[Result "1/2-1/2"]
[WhiteElo "1972"]
[BlackElo "2065"]
[Annotator "NA"]
[PlyCount "74"]
[EventDate "2019.01.16"]
[EventType "team-tourn"]
[EventCountry "ESP"]
[SourceTitle "playchess.com"]
[Source "ChessBase"]
[SourceQuality "1"]
[WhiteTeam "Mollet"]
[BlackTeam "Gerunda"]
[TimeControl "5400+30"]

1. d4 {[%emt 0:00:00]} f5 2. Bg5 {[%emt 0:00:00]} h6 {[%emt 0:02:24]} 3. Bh4 g5 {[%emt 0:00:39]} 4. Bg3 {[%emt 0:00:16]} Nf6 {[%emt 0:03:02]} 5. e3 {[%emt 0:00:31]} d6 {[%emt 0:02:13]} 6. h4 {[%emt 0:02:53]} g4 {[%emt 0:01:37]} 7. Nc3 {[%emt 0:03:36]} Nh5 {[%emt 0:04:49]} 8. Nge2 {[%emt 0:00:50]} Bg7 {[%emt 0:04:27]} 9. Qd3 {[%emt 0:03:33]} Nc6 {[%emt 0:03:22]} 10. O-O-O {[%emt 0:03:26]} e6 {[%emt 0:10:18]} 11. f3 {[%emt 0:09:47]} Qf6 {[%emt 0:06:40]} 12. Nb5 {[%emt 0:04:02]} Kd8 {[%emt 0:22:31]} 13. Be1 {[%emt 0:04:34]} a6 {[%emt 0:01:12]} 14. Na3 {[%emt 0:01:02]} Bd7 {[%emt 0:02:44]} 15. c3 {[%emt 0:12:17]} Rf8 {[%emt 0:04:01]} 16. Nc2 {[%emt 0:09:01]} Be8 {[%emt 0:06:25]} 17. Kb1 {[%emt 0:07:08]} Ke7 {[%emt 0:04:54]} 18. Ng3 {[%emt 0:03:49]} Rd8 {[%emt 0:02:46]} 19. Be2 {[%emt 0:01:17]} Nxg3 {[%emt 0:02:07]} 20. Bxg3 {[%emt 0:00:08]} h5 {[%emt 0:00:56]} 21. Bf4 {[%emt 0:06:07]} Bh6 {[%emt 0:00:11]} 22. Bxh6 {[%emt 0:01:05]} Qxh6 {[%emt 0:00:04]} 23. f4 {[%emt 0:00:20]} d5 {[%emt 0:01:31]} 24. g3 {[%emt 0:01:44]} Kf6 {[%emt 0:01:40]} 25. Ne1 {[%emt 0:01:13]} Qg7 {[%emt 0:01:05]} 26. Qc2 {[%emt 0:00:07]} Ra8 {[%emt 0:02:45]} 27. Kc1 {[%emt 0:00:12]} Qe7 {[%emt 0:00:41]} 28. Kd2 {[%emt 0:00:48]} Na5 {[%emt 0:02:19]} 29. b3 {[%emt 0:00:52]} Bb5 {[%emt 0:00:58]} 30. Nd3 {[%emt 0:05:04]} Bxd3 {[%emt 0:00:23]} 31. Bxd3 {[%emt 0:00:07]} b5 {[%emt 0:02:51]} 32. Rb1 {[%emt 0:02:52]} Rfc8 {[%emt 0:01:14]} 33. Qb2 {[%emt 0:01:30]} Nb7 {[%emt 0:00:49]} 34. Ke2 {[%emt 0:03:02]} Nd6 {[%emt 0:01:12]} 35. Qa3 {[%emt 0:02:33]} Ne4 {[%emt 0:01:03]} 36. Qxe7+ {[%emt 0:00:09]} Kxe7 {[%emt 0:00:02]} 37. Bxe4 {[%emt 0:00:08]} fxe4 1/2-1/2

[Event "CAT-chT Honor Division 2019"]
[Site "Catalonia"]
[Date "2019.03.02"]
[Round "7.1"]
[White "Bauer, Christian"]
[Black "Cuartas, Jaime Alexander"]
[Result "0-1"]
[WhiteElo "2647"]
[BlackElo "2516"]
[Annotator "TA"]
[PlyCount "100"]
[EventDate "2019.01.16"]
[EventType "team-tourn"]
[EventCountry "ESP"]
[SourceTitle "playchess.com"]
[Source "ChessBase"]
[SourceQuality "1"]
[WhiteTeam "BCN"]
[BlackTeam "Barbera"]

{[%evp 19,100,23,33,27,18,10,33,20,41,49,56,25,47,49,85,59,85,60,50,58,118,49,71,69,67,66,103,91,87,70,157,137,145,171,170,168,164,158,168,150,208,114,119,115,132,69,77,60,78,0,0,0,0,0,0,0,0,0,0,0,0,0,0,-177,4133,-185,-185,-171,-171,-220,-182,-199,-8,-29984,-29985,-29984,-29985,-29986,-29987,-29987,-29988,-29988,-29988]} 1. e4 c5 2. Nf3 Nc6 3. Bb5 g6 4. Bxc6 dxc6 5. d3 Bg7 6. h3 Nf6 7. Nc3 Nd7 8. Be3 e5 9. Qd2 Qe7 10. Bh6 f6 11. Bxg7 {B31: Sicilian: 2...Nc6 3 Bb5 g6} Qxg7 12. a3 (12. Nh2 g5 13. Ng4 Nf8 14. Ne3 Ng6 15. a3 Be6 16. b4 Qe7 17. Na4 b6 18. g3 h5 {1-0 (48) Cheparinov,I (2703)-Kveinys,A (2542) Warsaw 2017}) 12... a5 13. O-O {White is slightly better.} g5 $146 ({Predecessor:} 13... O-O 14. Ne2 Qe7 15. Ng3 Rd8 16. Qc3 Nf8 17. Nd2 Ne6 18. Nc4 Qc7 {0-1 (32) Guimaraes,A (1996)-Tsuboi,E (2247) Sao Paulo 2014}) 14. Qe3 Qe7 15. Nd2 b6 16. Ne2 Rb8 17. Ng3 Nf8 $1 18. Qf3 Ne6 19. Nf5 Qf8 (19... Qc7 $14) 20. Nc4 ({White should play} 20. b4 $16) 20... Nd4 21. Nxd4 cxd4 22. c3 c5 23. cxd4 cxd4 24. Qh5+ Ke7 (24... Kd8 $1 $14) 25. f4 $1 $16 {[%cal Rf4g5]} exf4 26. e5 $1 Be6 27. Rac1 $1 Qf7 28. Qe2 Bxc4 29. Rxc4 Rhc8 (29... Qe6 $16 {keeps fighting.}) 30. Rxd4 (30. exf6+ $1 $18 Kxf6 31. Rxd4) 30... Rc5 31. Qg4 {Rd7+ is the strong threat.} Rd8 32. exf6+ (32. Rxd8 $16 Kxd8 33. d4) 32... Qxf6 $14 33. Re1+ Kf8 34. Rd7 $40 {[%mdl 128] Black needs to defend precisely.} (34. Rde4 $16) 34... Rxd7 $1 $11 35. Qxd7 {[%csl Gd7][%cal Re1e8]} Re5 36. Rxe5 Qxe5 {[%mdl 4096] Endgame KQ-KQ} 37. Qd8+ Kg7 38. Qxb6 Qe1+ 39. Kh2 Qg3+ 40. Kh1 Qe1+ 41. Qg1 $2 (41. Kh2 $1 $11 {and White stays safe.}) 41... Qxg1+ $1 $19 42. Kxg1 {Strongly threatening b4. KP-KP} a4 $1 {[%cal Ba5a4,Ba4b3][%mdl 32]} 43. Kf2 Kf6 44. Kf3 {[#] Hoping for Ke4.} Kf5 $1 45. Ke2 {[#]} h5 $2 (45... Ke5 $1 $19 {aiming for ...Kd4.} 46. Kd2 h5) 46. b4 $2 {[%mdl 8192]} (46. Kf3 $11) 46... axb3 {Black mates.} 47. Kd2 g4 48. a4 f3 49. hxg4+ hxg4 50. gxf3 g3 {Accuracy: White = 54%, Black = 54%.} 0-1

[Event "CAT-chT Honor Division 2019"]
[Site "Catalonia"]
[Date "2019.03.02"]
[Round "7.1"]
[White "Kogan, Arthur"]
[Black "Barbero Sendic, Alejandro"]
[Result "1-0"]
[WhiteElo "2547"]
[BlackElo "2361"]
[Annotator "TA"]
[PlyCount "107"]
[EventDate "2019.01.16"]
[EventType "team-tourn"]
[EventCountry "ESP"]
[SourceTitle "playchess.com"]
[Source "ChessBase"]
[SourceQuality "1"]
[WhiteTeam "Escola Salou"]
[BlackTeam "Lleida"]

{[%evp 14,107,16,6,12,-4,-1,0,33,23,32,14,13,14,39,33,42,29,69,87,112,112,104,120,120,81,91,65,71,62,69,60,83,86,108,52,63,31,54,25,68,0,0,0,41,37,236,250,335,331,265,34,35,35,37,37,34,20,21,24,10,21,147,145,139,146,198,84,88,87,83,83,206,208,252,253,312,312,312,312,352,352,347,345,325,271,339,304,415,408,386,408,425,425,564,464]} 1. e4 e5 2. Nf3 Nc6 3. Nc3 Nf6 4. Bb5 Bb4 5. O-O O-O 6. d3 Bxc3 7. bxc3 d6 8. Re1 a6 {C49: Four Knights: 4 Bb5 Bb4} (8... Bd7 9. d4 Re8 10. Bd3 Bg4 11. d5 Nb8 12. h3 Bxf3 13. Qxf3 Nbd7 14. Rb1 Nc5 15. Be3 Rb8 16. g4 Nfd7 {0-1 (52) Grischuk,A (2750)-Carlsen,M (2832) chess.com INT 2017}) 9. Ba4 b5 $146 ({Predecessor:} 9... Qe7 10. d4 Bg4 11. Bxc6 bxc6 12. h3 Bxf3 13. Qxf3 Nd7 14. Qd3 Nb6 15. f4 f6 16. Rf1 {1-0 (54) Eminov,O (2203)-Uysal,B (1991) Antalya 2017}) 10. Bb3 Na5 {The position is equal.} 11. Bg5 Qe7 12. Nd2 h6 13. Bh4 Be6 14. d4 Nxb3 15. axb3 c5 {[#]} 16. f4 $1 {[%mdl 512]} g5 (16... exf4 $2 17. e5 $18) 17. fxg5 Nh7 18. dxe5 dxe5 19. Bg3 hxg5 20. Nf1 f6 21. Ne3 Rfd8 22. Qe2 Qb7 23. Qf3 a5 24. h4 (24. c4 $1 $16) 24... Qg7 25. Rf1 Rf8 26. Qe2 Kh8 27. Nf5 (27. Qxb5 gxh4 28. Bxh4 Qh6 $17) (27. h5 $14) 27... Bxf5 $11 28. Rxf5 Rg8 29. h5 Qb7 $2 {[#]} (29... c4 $1 $14) 30. Rxe5 $1 $18 {[%mdl 512]} fxe5 31. Bxe5+ Nf6 32. Qf2 $2 (32. Bxf6+ $18 Kh7 33. Rd1) 32... Ra6 $14 {Hoping for ...Rf8.} 33. Bxf6+ Kh7 34. Qf5+ Kh6 35. Rd1 Qh7 {And now ...Qxf5 would win.} 36. Qe5 {Threatens to win with Rd5.} Qf7 37. Rf1 {Rf5 is the strong threat.} Qe6 {[#]} (37... Qd7 $11 {keeps the balance.}) 38. Bxg5+ $1 $40 {[%mdl 640] White has strong attack.} Kxh5 (38... Rxg5 39. Qh8#) 39. Qh2+ Kxg5 40. Qh7 (40. Rf4 $18 {has better winning chances. Qg3+ would kill now.} Kg6 41. Qg3+ Kh7 42. Rh4+ Qh6 43. Rxh6+ Rxh6 44. Qc7+ Rg7 45. Qxc5) 40... Rg6 ({But not} 40... Kg4 $2 41. Qh3+ (41. Rf5 Qh6 $14) 41... Kg5 42. Rf5+ Qxf5 43. Qxf5+ (43. exf5 Re8 $18) 43... Kh6 44. Qh3+ (44. Qxc5 Rag6 $18) 44... Kg7 45. Qd7+ Kh6 46. Qxb5 $18) 41. Rf5+ {[#]} Qxf5 $1 {[%mdl 512]} 42. exf5 Kxf5 {[%mdl 4096] Endgame [#] KQ-KRR} (42... Rgd6 $16 {was necessary.}) 43. Qd7+ $1 $18 Rge6 {intending ...a4.} 44. Qxb5 Re1+ 45. Kf2 Rae6 46. Qxc5+ Kg4 {[%csl Ge1][%cal Re6e2]} 47. Qd4+ R1e4 48. Qd1+ Kg5 49. Qd8+ Rf6+ 50. Kg1 Re1+ 51. Kh2 {aiming for Qd2+.} Re5 52. c4 Ref5 53. Kh3 Rf1 54. Qxa5+ {Accuracy: White = 52%, Black = 30%.} 1-0

[Event "CAT-chT Honor Division 2019"]
[Site "Catalonia"]
[Date "2019.03.02"]
[Round "7.2"]
[White "Vila Gazquez, Xavier"]
[Black "Rakhmanov, Aleksandr"]
[Result "1/2-1/2"]
[WhiteElo "2475"]
[BlackElo "2629"]
[Annotator "TA"]
[PlyCount "67"]
[EventDate "2019.01.16"]
[EventType "team-tourn"]
[EventCountry "ESP"]
[SourceTitle "playchess.com"]
[Source "ChessBase"]
[SourceQuality "1"]
[WhiteTeam "Barbera"]
[BlackTeam "BCN"]

{[%evp 11,67,4,27,24,36,34,34,34,54,41,39,26,34,25,24,18,26,18,24,13,13,0,6,10,22,25,26,12,5,-44,11,0,0,0,22,16,38,35,38,35,36,31,41,26,33,35,23,6,14,0,0,0,0,0,38,0,0,0]} 1. Nf3 d5 2. d4 e6 3. e3 Nf6 4. Bd3 c5 5. b3 cxd4 6. exd4 Bb4+ 7. c3 {D05: Colle System with ...e6} Bd6 8. Qe2 (8. O-O Nc6 9. Re1 b6 10. Ne5 Bb7 11. Bf4 O-O 12. Nd2 Rc8 13. Re3 Be7 14. Rg3 g6 {1-0 (42) Lemos,D (2474)-Akobian,V (2643) Caleta 2019}) 8... Nc6 9. O-O {White is slightly better.} Qc7 10. Re1 b6 11. Bb2 Bb7 12. Nbd2 O-O 13. Rac1 Bf4 14. g3 Bh6 15. Rcd1 $146 g6 16. h4 Bg7 17. Rc1 Rfe8 18. Ne5 Nd7 19. f4 Ncxe5 20. dxe5 (20. fxe5 {keeps more tension.} f6 21. c4 Qd8 22. cxd5 Bxd5 23. Nc4) 20... Nc5 (20... f6 $15 21. exf6 Nxf6) 21. Nf3 Nxd3 22. Qxd3 a5 23. Ba3 a4 {[#] Hoping for ...axb3.} 24. Bd6 Qd7 25. Nd4 axb3 26. axb3 Ra2 27. Ra1 Rea8 28. Rxa2 Rxa2 29. Qb1 Ra6 30. Qb2 Qc8 31. Ra1 Qa8 32. Ra4 Bc8 33. Rxa6 Qxa6 34. Kf2 {Accuracy: White = 41%, Black = 44%.} 1/2-1/2

[Event "CAT-chT Honor Division 2019"]
[Site "Catalonia"]
[Date "2019.03.02"]
[Round "7.2"]
[White "Trepat Herranz, Joan"]
[Black "Oratovsky, Michael"]
[Result "1/2-1/2"]
[WhiteElo "2363"]
[BlackElo "2455"]
[Annotator "TA"]
[PlyCount "65"]
[EventDate "2019.01.16"]
[EventType "team-tourn"]
[EventCountry "ESP"]
[SourceTitle "playchess.com"]
[Source "ChessBase"]
[SourceQuality "1"]
[WhiteTeam "Lleida"]
[BlackTeam "Escola Salou"]

{[%evp 25,65,14,22,14,14,14,14,13,14,15,15,15,15,12,10,13,12,14,14,13,14,13,11,12,25,22,28,20,60,60,57,60,86,86,86,6,10,6,85,22,35,11]} 1. e4 d6 2. d4 Nf6 3. Nc3 e5 4. Nf3 Nbd7 5. Bc4 Be7 6. a4 O-O 7. O-O c6 8. h3 a5 9. Re1 Nb6 {C41: Philidor Defence} (9... h6 10. Be3 Re8 11. Qe2 exd4 12. Bxd4 Bf8 13. Bb3 Ne5 14. Rad1 Qc7 15. Nd2 Be6 16. f4 Ned7 17. Qf3 Rad8 18. Re2 Bxb3 19. Nxb3 {1-0 (45) Areshchenko,A (2652)-Moranda,W (2599) Germany 2018}) 10. Ba2 Nfd7 11. Be3 exd4 12. Nxd4 Nc5 13. Qh5 Nbxa4 {LiveBook: 18 Games} 14. Nxa4 Nxa4 15. Nf3 b5 16. Ng5 Bxg5 $1 17. Bxg5 Qc7 18. Re3 Kh8 $1 (18... Nxb2 $2 19. Rg3 $18) 19. c4 {Threatens to win with Bb1.} Be6 $1 20. Bb1 f6 $1 {[%cal Rf6g5,Bf7f6,Bf6f5][%mdl 32]} ({Avoid the trap} 20... Bxc4 $2 21. e5 $18) 21. e5 $1 {[%csl Gb1][%cal Rh5h7] [#]} f5 $1 22. exd6 $40 {[%mdl 128] White is up to no good.} Qxd6 23. cxb5 cxb5 24. Bd3 $146 Nc5 25. Bxb5 Ne4 26. Rd1 Bf7 27. Qe2 ({Stronger than} 27. Rxd6 Bxh5 28. Rxe4 fxe4 $17) 27... Qb4 28. Bf4 Rad8 29. Rxd8 Rxd8 {[#]} 30. Rd3 ({White should try} 30. Bd3 $1 $16) 30... Rxd3 $11 31. Bxd3 h6 (31... Nc5 $1 $11 {remains equal.} 32. g3 Nxd3 33. Qxd3 Qe1+ 34. Kg2 Qe6) 32. Bxe4 (32. Kh2 $16) 32... Qxe4 33. Qxe4 {Precision: White = 58%, Black = 56%.} 1/2-1/2